Africana /

Bibliographic Details
Main Author: Harrison, William, 1933-2013
Format: Book
Language:English
Published: New York : Morrow, 1977.

MARC

Tag First Indicator Second Indicator Subfields
LEADER 00000pam a2200000 i 4500
001 in00000343721
005 20170418120408.0
008 761026s1977 nyua 00011 eng
010 |a  76049494  
020 |a 0688031668 
035 |a (OCoLC)02598260 
035 |9 ABM4092AM 
040 |a DLC  |c DLC  |d TXA  |d UtOrBLW 
049 |a TXAM  |c [1395115] 
050 0 0 |a PZ4.H3223  |b Af  |a PS3558.A672 
050 0 0 |a PS3558.A672  |b A47 1977 
082 0 |a 813/.5/4 
100 1 |a Harrison, William,  |d 1933-2013. 
245 1 0 |a Africana /  |c William Harrison. 
264 1 |a New York :  |b Morrow,  |c 1977. 
300 |a 252 pages :  |b illustrations ;  |c 22 cm. 
336 |a text  |b txt  |2 rdacontent 
337 |a unmediated  |b n  |2 rdamedia 
338 |a volume  |b nc  |2 rdacarrier 
999 |a MARS 
999 f f |s ca334e7b-de70-37a9-8c43-74d231771e99  |i eb23c4fa-b39f-3dc2-8672-982e617f195a  |t 0 
952 f f |p ric  |a Texas A&M University  |b Rellis Campus  |c Joint Library Facility  |d Remote Storage  |t 0  |e PS3558.A672 A47 1977  |h Library of Congress classification  |i unmediated -- volume  |m A14804316044 
998 f f |a PS3558.A672 A47 1977  |t 0  |l Remote Storage